00255nam a2200097Ia 4500008004100000100002300041245004000064260002900104300000800133650001600141191201s2011 xx 000 0 und d aSAINI,Mukesh kumar 0aElectromechanical Energy Conversion aN. DelhibVayu Educ2011 a369 aB.Tech(ECE)